Regulation of cell growth and activation /

Bibliographic Details
Other Authors: Mond, James J., Cambier, John C., 1948-, Weiss, Arthur, 1952-
Format: Book
Language:English
Published: New York : Raven Press, [1989]
Series:Advances in regulation of cell growth ; v. 1.
Subjects:

MARC

Tag First Indicator Second Indicator Subfields
LEADER 00000cam a22000008a 4500
001 in00004452449
005 20180112170443.0
008 890605s1989 nyua b 00100 eng c
010 |a  89010328  
020 |a 0881675733 
035 |a (OCoLC)19922304 
040 |a DNLM/DLC  |c DLC  |d TMV 
049 |a TMVM  |c 1 
050 0 |a QH604  |b .R427 1989 
060 4 |a QH 604  |b R3445 1989 
245 0 0 |a Regulation of cell growth and activation /  |c editors, James J. Mond, John C. Cambier, Arthur Weiss. 
264 1 |a New York :  |b Raven Press,  |c [1989] 
264 4 |c ©1989 
300 |a xii, 292 pages :  |b illustrations ;  |c 24 cm 
336 |a text  |b txt  |2 rdacontent 
337 |a unmediated  |b n  |2 rdamedia 
338 |a volume  |b nc  |2 rdacarrier 
490 1 |a Advances in regulation of cell growth ;  |v v. 1 
504 |a Includes bibliographical references and index. 
650 2 |a Cell Division. 
650 2 |a Lymphocyte Activation. 
650 2 |a Signal Transduction. 
700 1 |a Mond, James J. 
700 1 |a Cambier, John C.,  |d 1948- 
700 1 |a Weiss, Arthur,  |d 1952- 
830 0 |a Advances in regulation of cell growth ;  |v v. 1. 
999 f f |s 9eb2bfdd-55f2-30ba-aebd-777d683ac2a4  |i 1db1824d-9cf1-3749-9110-78259336ead6  |t 0 
952 f f |p ric  |a Texas A&M University  |b Rellis Campus  |c Joint Library Facility  |d Remote Storage  |t 0  |e QH 604 R3445 1989  |h National Library of Medicine classification  |i unmediated -- volume  |m 323890089534B 
998 f f |a QH 604 R3445 1989  |t 0  |l Remote Storage